[Event "Riazan Region-ch"]
[Site "Riazan"]
[Date "2009.10.??"]
[Round "?"]
[White "Morozov, Vladislav"]
[Black "Solomatin, Vladimir"]
[Result "0-1"]
[WhiteElo "2114"]
[BlackElo "2343"]
[PlyCount "54"]
[EventDate "2009.10.??"]
[EventType "tourn"]
[EventRounds "13"]
[EventCountry "RUS"]
[SourceTitle "EXT 2012"]
[Source "ChessBase"]
[SourceDate "2011.11.24"]
[SourceVersion "1"]
[SourceVersionDate "2011.11.24"]
[SourceQuality "1"]

1. d4 g6 2. e4 Bg7 3. Nc3 d6 4. Nf3 Nf6 5. Be2 0-0 6. 0-0 Nbd7 7. Be3 Ng4 8. Bg5 h6 9. Bh4 c5 10. h3 cxd4 11. Nd5 Ngf6 12. Nxf6+ Nxf6 13. Qxd4 g5 14. Bg3 Nh5 15. Qb4 Nxg3 16. fxg3 a5 17. Qd2 Qb6+ 18. Kh1 Qxb2 19. Rab1 Qxa2 20. h4 Qe6 21. Rb5 Bd7 22. Rxb7 Bc6 23. Rb6 Bxe4 24. hxg5 h5 25. Nh4 Qh3+ 26. Kg1 Qxg3 27. Rf4 Bc3 0-1

[Event "Riazan Region-ch"]
[Site "Riazan"]
[Date "2009.10.??"]
[Round "?"]
[White "Solomatin, Vladimir"]
[Black "Juzbashev, Vladimir"]
[Result "1-0"]
[WhiteElo "2343"]
[BlackElo "2077"]
[PlyCount "41"]
[EventDate "2009.10.??"]
[EventType "tourn"]
[EventRounds "13"]
[EventCountry "RUS"]
[SourceTitle "EXT 2012"]
[Source "ChessBase"]
[SourceDate "2011.11.24"]
[SourceVersion "1"]
[SourceVersionDate "2011.11.24"]
[SourceQuality "1"]

1. e4 c5 2. Nf3 Nf6 3. Nc3 Nc6 4. d4 d5 5. exd5 Nxd5 6. Bb5 Nxc3 7. bxc3 cxd4 8. 0-0 Bd7 9. cxd4 e6 10. d5 exd5 11. Qxd5 Be7 12. Rd1 a6 13. Ba4 b5 14. Bb3 Rf8 15. Bb2 Qc8 16. Bxg7 Be6 17. Qh5 Bxb3 18. cxb3 Qe6 19. Qxh7 Qg6 20. Qxg6 fxg6 21. Bxf8 1-0

[Event "Riazan op"]
[Site "Riazan"]
[Date "2007.08.??"]
[Round "?"]
[White "Iliushkin, Evgeny"]
[Black "Solomatin, Vladimir"]
[Result "1/2-1/2"]
[WhiteElo "2295"]
[BlackElo "2366"]
[PlyCount "58"]
[EventDate "2007.08.??"]
[EventType "swiss"]
[EventRounds "9"]
[EventCountry "RUS"]
[SourceTitle "EXT 2009"]
[Source "ChessBase"]
[SourceDate "2008.11.26"]
[SourceVersion "1"]
[SourceVersionDate "2008.11.26"]
[SourceQuality "1"]

1. d4 g6 2. c4 Bg7 3. e4 d6 4. Nf3 Nd7 5. Be2 e5 6. Nc3 Ngf6 7. 0-0 0-0 8. d5 Ne8 9. Ne1 c5 10. dxc6 bxc6 11. Be3 f5 12. f3 Ba6 13. b4 Kh8 14. a4 Ndf6 15. b5 Qa5 16. Qc2 Bb7 17. Rb1 Nd7 18. Nd3 Rc8 19. Nb4 fxe4 20. fxe4 Rxf1+ 21. Bxf1 cxb5 22. axb5 Nc5 23. Ncd5 a6 24. Bxc5 Rxc5 25. Nxa6 Bxa6 26. bxa6 Qxa6 27. Rb8 Rc8 28. Rxc8 Qxc8 29. Qf2 Nc7 1/2-1/2

[Event "Riazan op"]
[Site "Riazan"]
[Date "2007.08.??"]
[Round "?"]
[White "Solomatin, Vladimir"]
[Black "Madorsky, Felix"]
[Result "1/2-1/2"]
[WhiteElo "2366"]
[BlackElo "2073"]
[PlyCount "58"]
[EventDate "2007.08.??"]
[EventType "swiss"]
[EventRounds "9"]
[EventCountry "RUS"]
[SourceTitle "EXT 2009"]
[Source "ChessBase"]
[SourceDate "2008.11.26"]
[SourceVersion "1"]
[SourceVersionDate "2008.11.26"]
[SourceQuality "1"]

1. e4 c5 2. Nf3 Nc6 3. Bb5 g6 4. 0-0 Bg7 5. Bxc6 bxc6 6. d3 Nh6 7. h3 f6 8. Nc3 Nf7 9. Nh2 e5 10. f4 exf4 11. Bxf4 0-0 12. Qd2 d6 13. Rae1 a5 14. a4 Ba6 15. b3 Qb6 16. Ng4 Rad8 17. Ne3 Qb4 18. Nb1 Rfe8 19. Ng4 Re6 20. Qf2 Rde8 21. Bd2 Qb6 22. Bc3 Ne5 23. Ne3 Bxd3 24. cxd3 Nxd3 25. Qc2 Nxe1 26. Nc4 Qa7 27. Bxe1 Rxe4 28. Bf2 Re2 29. Nbd2 Qe7 1/2-1/2